La situación actual del ingeniero mecánico en el sector laboral público
Պահպանված է:
| Հիմնական հեղինակ: | |
|---|---|
| Այլ հեղինակներ: | |
| Ձևաչափ: | Գիրք |
| Հրապարակվել է: |
San José, Costa Rica
1992
|
| Խորագրեր: | |
| Ցուցիչներ: |
Ավելացրեք ցուցիչ
Չկան պիտակներ, Եղեք առաջինը, ով նշում է այս գրառումը!
|
MARC
| LEADER | 00000nam a2200000Ia 4500 | ||
|---|---|---|---|
| 003 | 005400 | ||
| 005 | 20221231144324.0 | ||
| 008 | 140114s1992 cr a m 000 ||s d | ||
| 040 | |c cru CEDI | ||
| 090 | |a TFG 2572 | ||
| 100 | |a Portilla Delgado, Marlon |9 12549 | ||
| 245 | |a La situación actual del ingeniero mecánico en el sector laboral público | ||
| 260 | |c 1992 |a San José, Costa Rica | ||
| 300 | |a xii, 143 hojas : ilustraciones ; 28 cm. | ||
| 500 | |a Tesis (licenciatura en ingenieria mecanica)--Universidad de Costa Rica. Facultad de Ingeniería. Escuela de Ingenieria Mecanica | ||
| 650 | |x MERCADO DE TRABAJO - COSTA RICA |x INGENIEROS MECANICOS - COSTA RICA |9 12551 | ||
| 700 | |9 12550 |a Alfaro Zúñiga, Mario | ||
| 942 | |c TFG | ||
| 999 | |c 20152 |d 20152 | ||
